| 000 | 01049nam a22002537a 4500 | ||
|---|---|---|---|
| 005 | 20240530110912.0 | ||
| 008 | 220209s2009 ua a b 000 0 ara d | ||
| 017 | _bمصر. دار الكتب | ||
| 040 |
_aEG-CaGPL _cEG-CaGPL |
||
| 082 | 0 | 4 |
_221 _a400.141 / _bك ع |
| 100 | 0 | _aكوبلى ، بول | |
| 245 | 1 | 0 |
_aعلم العلامات / _cتاليف بول كوبلى ، ليتسا جانز ؛ مترجم جمال الجزيرى ، مراجعة امام عبدالفتاح امام |
| 250 | _aط.1 | ||
| 260 |
_aالقاهرة : _bالمجلس الاعلى للثقافة، _c2005 |
||
| 300 |
_a180 ص؛ _c24 سم |
||
| 490 | 0 |
_aالمشروع القومى للترجمة ؛ _vاقدم لك |
|
| 650 | 0 | 7 |
_2qrmak _aعلم العلامات الاجتماعى |
| 650 | 0 | 7 |
_2qrmak _aالبنيوية |
| 651 |
_2qrmak _aعلم العلامات |
||
| 700 |
_aجمال الجزيرى _eمترجم |
||
| 700 |
_aامام عبدالفتاح امام _eمراجع |
||
| 942 |
_2ddc _cBK |
||
| 999 |
_c66335 _d66335 |
||